00541nam a22001577a 450000500170000001000150001702000260003203500140005803700090007208200100008110000210009124501060011226000360021827001050025430000240035920250110095205.0 aENG-143298 c500.00a9788119664085 aEN-126830 bDBAD a280.3 aKalliath, Antony aBeing Christian-Being Missional:bPerspectives, Paths Fostering Engaging Witness/cBy Antony Kalliath aBengalurubATC Publishersc2024 bBengaluruaNo. 5, Nandidurga Road, benson Town Poste560046k+91-80-25491999minfo@atcpublishers.com axvi,358p.c24cm(pb)